000 00435nam a2200157 i 4500
001 58860
003 ES-MaACL
005 20230906163914.0
007 t|
008 031024s1968 sp ||||1| spa d
100 1 _aEguia, José I.
_946742
245 1 4 _aLos deficientes mentales y la Eucaristia /
_cJosé I. Eguia.
260 _a[Madrid :
_bEuroamérica,
_c1968]
300 _a204 p. ;
_c22 cm.
852 _aES-MaACL
_jC-48480
_bR.69424
999 _c58860
_d58860